Vista normal
Vista MARC
Entrada Personal Name
Número de registros utilizados en: 1
001 - CONTROL NUMBER
- control field: 16667
003 - CONTROL NUMBER IDENTIFIER
- control field: DLC
005 - DATE AND TIME OF LATEST TRANSACTION
- control field: 20250122111533.0
008 - FIXED-LENGTH DATA ELEMENTS
- fixed length control field: 010608n| azannaabn |n aaa c
010 ## - LIBRARY OF CONGRESS CONTROL NUMBER
- LC control number: no2001046052
035 ## - SYSTEM CONTROL NUMBER
- System control number: (OCoLC)oca05506886
040 ## - CATALOGING SOURCE
- Original cataloging agency: ICU
- Language of cataloging: spa
- Description conventions: rda
- Transcribing agency: Mx-PuUPA
- Modifying agency: DLC
- Modifying agency: InU
- Modifying agency: Mx-PuUPA
046 ## - SPECIAL CODED DATES
- Birth date: 1976
- Source of date scheme: edtf
053 #0 - LC CLASSIFICATION NUMBER
- Classification number element--single number or beginning number of span: PQ2664.E246
100 1# - HEADING--PERSONAL NAME
- Personal name: Debray, Laurence,
- Dates associated with a name: 1976-
370 ## - ASSOCIATED PLACE
- Place of birth: París, Francia
374 ## - OCCUPATION
- Occupation: Autor
- Occupation: Escritora francesa
375 ## - GENDER
- Gender: mujer
377 ## - ASSOCIATED LANGUAGE
- Language code: fre
670 ## - SOURCE DATA FOUND
- Source citation: La forja de un rey, 2000:
- Information found: t.p. (Laurence Debray) p. 2 of cover (b. 1976)